01575nam a2200361 i 4500003000900000005001700009008004100026017001200067040004600079041000800125082002600133092000700159099004200166100004200208245008800250250003000338264009200368300003200460336002200492337002400514338003300538504006100571546004100632650003500673650003100708651001000739856005700749905001300806942001900819999001700838952017900855952017901034EG-GICUC20260121101525.0251218m20061426mk ||| fr||| 00| 0  ara|d  a2005377  a EG-GICUCbarac EG-GICUCd EG-GICUCerda  aara04221a343.6bع ا . م04221  aLaw1 10	343.6  ع ا . م	1 ed - 20060 aعادل يحى قرنىeمؤلف.10aمبادئ علمي الإجرام والعقاب  /cعادل يحى قرنى.  aالطبعة الاولى 1aعمان :bاكاديمية السلطان قابوس لعلوم الشرطه،c2006.  a؛  455 صفحة c24 سم.  2rda contentatext  2rda mediaaComputer  2rda carrieraOnline Resource  aيحتوي على ارجاعات ببليوجرافية
  aالنص باللغة العربية14aعلم الإجرام2qrmak14aعلم العقاب2qrmak1 2qrmak40uhttps://fll.law.cu.edu.eg/fulltext/bks/B10-07216.pdf  a75eYara  2ddccBKe21n0  c51750d51750  00102ddc40718القانون الجنائيaCUbLAW1d2025-12-18l0oLaw1 10	343.6  ع ا . م	1 ed - 2006 1007216	C1pB10-07216r2025-12-18 20:54:21t1w2025-12-18yBK  00102ddc40708القانون الجنائيaCUbLAW1d2025-12-18l0oLaw1 10	343.6  ع ا . م	1 ed - 2006 1007217	C2pB10-07217r2025-12-18 20:54:46t2w2025-12-18yBK